Слава, стари учителю! (Запис номер 313300)
[ съкратено ]
| 000 -Лидер | |
|---|---|
| Контролно поле с фиксирана дължина | 01123ncm a2200313 c 4500 |
| 003 - Код на организацията, давaща контролен номер | |
| Контролно поле | BLK |
| 005 - Дата и час на последна редакция | |
| Контролно поле | 20180422124020.0 |
| 008 - Елементи от данни с фиксирана дължина | |
| fixed length control field | 180414b bul |a|er|||| |0| c|bulo| |
| 010 ## - Наследен системен номер | |
| LC control number | NOT00002806000 |
| 040 ## - Източник на каталожния запис | |
| Идентификатор на билиотеката - собственик на записа | BLK |
| 041 ## - Код за език | |
| Код за езика на текст/звукозапис или на отделно заглавие | Български |
| Код за езика КДБФ | Български |
| 080 ## - УДК | |
| Текстов определител УДК | Смесен хор |
| УДК код - определител по УДК | 78.087.684 |
| УДК определител | |
| УДК - код + определител | 78.087.684 |
| 100 1# - Редна дума - Автор | |
| Автор | Добрев, Добри |
| Авторска отговорност | първи автор |
| R(LIN) | 367372 |
| 139 ## - Редно поле | |
| Редна дума | Добрев, Добри |
| Авторски знак | До - Д 66 |
| 245 10 - Сведения за заглавието | |
| Заглавие | Слава, стари учителю! |
| Подзаглавни данни | Кантата за смесен хор : Със съпр. на пиано |
| Редно поле (дума) | Добри Добрев; текст Анастас Анастасов Стоянов. |
| 257 ## - Страна на издаване | |
| Страна на създаване/издаване | България |
| 260 ## - Област на издателските данни | |
| -- | София |
| Име на издателя, разпространителя и проч. | Наука и изкуство |
| Година на издаване | 1975 |
| 300 ## - Физическа характеристика | |
| Страници | 15 с. |
| Размери/Мащаб | 29 см |
| 380 ## - Жанр | |
| Жанр | Изкуство |
| 650 #4 - Допълнително описание по предмет – тема | |
| Основно описание – тема или топоним | Хор - смесен |
| 9 (RLIN) | 315616 |
| 653 ## - Ключова дума – ненормативна | |
| Ключова дума | кантати |
| 653 ## - Ключова дума – ненормативна | |
| Ключова дума | смесени хорове |
| 700 1# - Други автори (авторска отговорност) | |
| Лично име | Стоянов, Анастас Анастасов |
| Автороска отговорност (Описва отношението между автора и произведението) | текст |
| 9 (RLIN) | 373270 |
| 852 ## - Местоположение | |
| Форматна сигнатура | Цб М ІІ 6792 |
| Част | 0 |
| 856 4# - Електронен адрес и достъп | |
| Електронен формат | pdf - файл |
| Път до файла /url/ | |
| 856 4# - Електронен адрес и достъп | |
| Електронен формат | pdf - файл |
| Път до файла /url/ | |
| 942 ## - АРТИКУЛИ | |
| Вид на библиотечния материал | Нотни издания |
| Скрит в OPAC | Не |
| 944 ## - СЪЗДАВАНЕ И РЕДАКЦИЯ на ЗАПИСА | |
| Създаване/Редакция | Създаване |
| Дата на регистрацията/редакция | 08.07.2008 |
| Служител, извършил регистрацията/редакцията | Ирена_Линкова |
| 944 ## - СЪЗДАВАНЕ И РЕДАКЦИЯ на ЗАПИСА | |
| Създаване/Редакция | Редакция |
| Дата на регистрацията/редакция | 10.12.2009 |
| Служител, извършил регистрацията/редакцията | |
| 999 ## - СИСТЕМНИ КОНТРОЛНИ НОМЕРА | |
| Koha biblionumber | 313300 |
| Koha biblioitemnumber | 313300 |
| Код за отписване | Код за изгубен артикул | Източник на класификационната схема | Код за повреда | Коз за рестрикции | Код за отдаване | Артикулен № | Име на библиотеката - собственик | Име на библиотеката, в която се намира в момента | Статус (Текущо местоположение) | Дата на вписване в системата | Местоположение - отдел | Цена в лева | Инвентарен номер | Систематично азбучна сигнатура | Баркод | Номер на екземпляра | Цена в евро | Служебна бележка | Служебен тип на артикула |
|---|---|---|---|---|---|---|---|---|---|---|---|---|---|---|---|---|---|---|---|
| Не е изгубен | Universal Decimal Classification | Не е повреден | само за читалня | ползва се в читалня | 665924 | Регионална библиотека "Любен Каравелов" Русе | Регионална библиотека "Любен Каравелов" Русе | Хранилище | 2008-07-08 | Основен фонд - ползва се само за читалня | 1.00 | 170000003745 | Цб М ІІ 6792 | 170000003745 | 1 | 0.51 | Дост: DA Вид: А N: 11 Дата: 04.07.2008 | Нотни издания | |
| Не е изгубен | Universal Decimal Classification | Не е повреден | само за читалня | ползва се в читалня | 665925 | Регионална библиотека "Любен Каравелов" Русе | Регионална библиотека "Любен Каравелов" Русе | Хранилище | 1975-01-01 | Хранилище | 0.70 | 183410 | Цб М ІІ 6792 | 900000009672 | 2 | 0.36 | N: стар фонд Дата: 01.01.1975 Бележки инв: Ирена_Линк Съставил: Ирена_Линкова | Нотни издания |